| 000 | 00551nam a2200193 a 4500 | ||
|---|---|---|---|
| 001 | 001112813 | ||
| 003 | AM-YeHGA | ||
| 005 | 20250617151811.0 | ||
| 008 | 151112s1947 ||| r 000 0 rus d | ||
| 040 | _aAM-YeHGA | ||
| 041 | 0 | _arus | |
| 100 | 1 | _aГрин, Эльмар | |
| 245 | 1 | 0 |
_aДрузья : _bРассказы / _cЭльмар Грин. |
| 260 |
_aМосква : _bПравда, _c1947. |
||
| 300 | _a64 с. | ||
| 440 | 0 |
_aБиблиотека "Огонек" _n№41 |
|
| 653 | 0 | _aРусская литература | |
| 090 | _c360084 | ||
| 999 |
_c358261 _d358261 |
||